000 00379nam a2200121Ia 4500
008 220615s9999||||xx |||||||||||||| ||und||
100 _aPoondy Gopalratnam Raman
245 0 _aThyroid Disorders
546 _aEnglish[eng]
650 _aMedicine||Clinical Endocrinology||Endocrinology||Health Sciences
856 _uhttps://www.intechopen.com/books/thyroid-disorders
942 _cEB
999 _c10426
_d10426